|
|
|
|
| LEADER |
00000nam a2200000 a 4500 |
| 001 |
vtls001431406 |
| 003 |
SK-MaSNL |
| 005 |
20260301120934.0 |
| 008 |
251124s2000 SE ac r y 0 swe |
| 020 |
|
|
|a 9134516891
|
| 035 |
|
|
|a SNK000386449
|
| 035 |
|
|
|a urn:nbn:sk:snk-amti8o
|
| 035 |
|
|
|a urn:nbn:sk:snk-am00c51x
|
| 035 |
|
|
|a 5EA76D14-0315-448F-BE34-E599D470745B
|
| 040 |
|
|
|a SNK
|b slo
|c SNK
|e AACR2
|
| 041 |
0 |
|
|a swe
|
| 044 |
|
|
|a SE
|
| 080 |
|
|
|a 613.952(084.12)
|2 1981
|
| 080 |
|
|
|a 618.2(084.12)
|2 1981
|
| 100 |
1 |
|
|a Fenwick, Elizabeth,
|d 1935-
|4 aut
|9 87595
|
| 245 |
1 |
|
|a Bonniers barn bok
|c Elizabeth Fenwick ; översättning Karin Malmsjö och Britt Petersson ; [foto Antonia Deutsch, Dave King, Susannah Price]
|
| 250 |
|
|
|a 2. rev. upplagan
|
| 260 |
|
|
|a Stockholm
|b Bonnier Alba
|c 2000
|e [Martin]
|f Neografia
|
| 300 |
|
|
|a 255 s.
|b fareb. fotogr.
|c 29 cm
|
| 500 |
|
|
|a Údaj o fotogr. prevzatý z rubu tit. strany
|
| 650 |
0 |
7 |
|a tehotenstvo
|x starostlivosť
|x príručky
|2 SNK
|9 290584
|
| 650 |
0 |
7 |
|a dojčatá
|x starostlivosť
|x príručky
|2 SNK
|9 62503
|
| 700 |
1 |
|
|a Malmsjö, Karin
|4 trl
|9 464299
|
| 700 |
1 |
|
|a Petersson, Britt
|4 trl
|9 464300
|
| 700 |
1 |
|
|a Deutsch, Antonia
|4 pht
|9 60840
|
| 700 |
1 |
|
|a King, Dave
|4 pht
|9 44796
|
| 700 |
1 |
|
|a Price, Susannah
|4 pht
|9 464301
|
| 919 |
|
|
|a 91-34-51689-1
|
| 958 |
|
|
|a OND
|
| 999 |
|
|
|c 727608
|d 729538
|
| 952 |
|
|
|t P60, <03>, [BOOK], {603}
|a SNK
|b SNK
|y PREZ
|7 0
|p 17A0338160
|o snkSB 64745
|i snkKSP 3149/2002
|0 0
|1 0
|4 0
|d 2002-04-22
|f 1
|l 0
|r 2025-04-14 00:00:00
|w 2026-02-23
|